Tvorivý človek
Salvato in:
| Autore principale: | |
|---|---|
| Natura: | Libro |
| Lingua: | slovacco |
| Pubblicazione: |
Bratislava
Obzor
1991
|
| Edizione: | 1. vyd. |
| Serie: | Malá moderná encyklopédia
|
| Soggetti: | |
| Tags: |
Nessun Tag, puoi essere il primo ad aggiungerne!!
|
MARC
| LEADER | 00000nam a2200000 4500 | ||
|---|---|---|---|
| 001 | c000998 | ||
| 005 | 20221214095110.3 | ||
| 020 | |a 80-215-0177-4 | ||
| 041 | 0 | |a slo | |
| 044 | |a SK | ||
| 245 | 1 | 0 | |a Tvorivý človek |c Miroslav Tuma |
| 250 | |a 1. vyd. | ||
| 264 | 1 | |a Bratislava |b Obzor |c 1991 | |
| 300 | |a 238 s. | ||
| 490 | 1 | |a Malá moderná encyklopédia | |
| 830 | 0 | |a Malá moderná encyklopédia | |
| 610 | 2 | 0 | |a osobnosť |
| 610 | 2 | 0 | |a motivácia |
| 610 | 2 | 0 | |a psychológia |
| 610 | 2 | 0 | |a sebarealizácia |
| 610 | 2 | 0 | |a práca tvorivá |
| 610 | 2 | 0 | |a brainstorming |
| 100 | 1 | |a Tuma, Miroslav | |